La guerra hispano-americana ante el derecho internacional / (Record no. 23530)

MARC details
000 -LEADER
campo de control de longitud fija 00741nam a2200205 i 4500
001 - NÚMERO DE CONTROL
campo de control 23530
003 - IDENTIFICADOR DE NÚMERO DE CONTROL
campo de control ES-MaACL
005 - FECHA Y HORA DE LA ÚLTIMA TRANSACCIÓN
campo de control 20250830222952.0
007 - CAMPO FIJO DE DESCRIPCIÓN FÍSICA--INFORMACIÓN GENERAL
campo de control de longitud fija t|
008 - DATOS DE LONGITUD FIJA--INFORMACIÓN GENERAL
campo de control de longitud fija 021211s1900 sp ||||1| spa d
100 1# - ENTRADA PRINCIPAL--NOMBRE DE PERSONA
Nombre de persona Amador y Carrandi, Ernesto.
9 (RLIN) 21093
245 13 - MENCIÓN DEL TÍTULO
Título La guerra hispano-americana ante el derecho internacional /
Mención de responsabilidad, etc. por Ernesto Amador y Carrandi ; ...con un prólogo de Damián Isern.
260 ## - PUBLICACIÓN, DISTRIBUCIÓN, ETC.
Lugar de publicación, distribución, etc. Madrid :
Nombre del editor, distribuidor, etc. [s.n.],
Fecha de publicación, distribución, etc. 1900 (
Fabricante Vda de Vinuesa de los Ríos)
300 ## - DESCRIPCIÓN FÍSICA
Extensión XV, 268 p. ;
Dimensiones 20 cm.
650 04 - PUNTO DE ACCESO ADICIONAL DE MATERIA--TÉRMINO DE MATERIA
Término de materia o nombre geográfico como elemento de entrada Guerra (Derecho internacional)
9 (RLIN) 13205
650 04 - PUNTO DE ACCESO ADICIONAL DE MATERIA--TÉRMINO DE MATERIA
Término de materia o nombre geográfico como elemento de entrada Guerra hispano-americana, 1898
9 (RLIN) 13207
700 1# - ENTRADA AGREGADA--NOMBRE PERSONAL
Nombre de persona Isern y Marco, Damián,
Fechas asociadas al nombre 1852-1914
9 (RLIN) 65561
852 ## - LOCALIZACIÓN
Ubicación ES-MaACL
Número de control de estantería G-7613
Holdings
Estatus retirado Estado de pérdida Estado de daño No para préstamo Colección Biblioteca de origen Biblioteca actual Ubicación en estantería Fecha de adquisición Fuente de adquisición Total de préstamos Signatura topográfica completa Código de barras Visto por última vez Precio de reemplazo Tipo de ítem Koha
        Libros del s. XIX Biblioteca del Ateneo de Madrid Biblioteca del Ateneo de Madrid Sala Pecera Planta 3 17/01/2008     G-7613 1024246 23/02/2023 23/02/2023 Libro impreso antiguo